High School English Grammar and Composition (Record no. 4760)
[ view plain ]
| 000 -LEADER | |
|---|---|
| fixed length control field | 00471 a2200157 4500 |
| 020 ## - INTERNATIONAL STANDARD BOOK NUMBER | |
| International Standard Book Number | 8121900093 |
| 022 ## - INTERNATIONAL STANDARD SERIAL NUMBER | |
| International Standard Serial Number | 8121900093 |
| 082 ## - DEWEY DECIMAL CLASSIFICATION NUMBER | |
| Classification number | 428 |
| 100 ## - MAIN ENTRY--PERSONAL NAME | |
| Personal name | Wren, P. C. |
| 245 ## - TITLE STATEMENT | |
| Title | High School English Grammar and Composition |
| Statement of responsibility, etc. | P.C.Wren |
| 260 ## - PUBLICATION, DISTRIBUTION, ETC. | |
| Place of publication, distribution, etc. | New Delhi: |
| Name of publisher, distributor, etc. | S. Chand & Company Ltd., |
| Date of publication, distribution, etc. | 2002. |
| 300 ## - PHYSICAL DESCRIPTION | |
| Extent | x, 482 p. ; |
| Dimensions | 25 cm. |
| 500 ## - GENERAL NOTE | |
| General note | Includes Index |
| 650 ## - SUBJECT ADDED ENTRY--TOPICAL TERM | |
| Topical term or geographic name entry element | 1.English language--Grammar.2.English language--composition and exercises. |
| 942 ## - ADDED ENTRY ELEMENTS (KOHA) | |
| Koha item type | Book |
| Call number prefix | 428 WRE |
| Withdrawn status | Lost status | Damaged status | Not for loan | Collection code | Permanent Location | Current Location | Shelving location | Date acquired | Source of acquisition | Cost, normal purchase price | Total Checkouts | Total Renewals | Full call number | Barcode | Date last seen | Date last checked out | Price effective from | Koha item type | Checked out |
|---|---|---|---|---|---|---|---|---|---|---|---|---|---|---|---|---|---|---|---|
| Central Library (CL) | Central Library (CL) | General Stacks | 10/28/2002 | New Public Books | 370.00 | 10 | 13 | 428 WRE | SEECS002623 | 09/02/2024 | 06/03/2023 | 01/05/2017 | Book | ||||||
| Central Library (CL) | Central Library (CL) | General Stacks | 10/28/2002 | New Public Books | 370.00 | 7 | 5 | 428 WRE | SEECS002626 | 09/11/2019 | 09/11/2019 | 01/05/2017 | Book | 01/09/2020 | |||||
| Central Library (CL) | Central Library (CL) | General Stacks | 10/28/2002 | New Public Books | 370.00 | 8 | 6 | 428 WRE | SEECS002627 | 03/25/2026 | 01/25/2024 | 01/05/2017 | Book | ||||||
| Central Library (CL) | Central Library (CL) | General Stacks | 10/28/2002 | New Public Books | 370.00 | 12 | 11 | 428 WRE | SEECS002624 | 09/05/2024 | 09/05/2024 | 01/05/2017 | Book | 01/03/2025 | |||||
| NUST Law School (NLS) | NUST Law School (NLS) | General Stacks | 10/28/2002 | New Public Books | 370.00 | 8 | 1 | 428 WRE | SEECS002628 | 03/10/2025 | 12/23/2024 | 01/05/2017 | Book | ||||||
| NUST Law School (NLS) | NUST Law School (NLS) | General Stacks | 10/28/2002 | New Public Books | 370.00 | 4 | 6 | 428 WRE | SEECS002625 | 11/05/2024 | 05/23/2022 | 01/05/2017 | Book |
